| 000 | 00740nam a2200193 i 4500 | ||
|---|---|---|---|
| 001 | 84083 | ||
| 003 | ES-MaACL | ||
| 005 | 20230906174937.0 | ||
| 007 | t| | ||
| 008 | 041119q1946 sp ||||1| spa d | ||
| 100 | 1 |
_aJavierre Mur, Aurea Lucinda. _966211 |
|
| 245 | 1 | 0 |
_aPrivilegios reales de la Orden Montesa de la Edad Media _b: catálogo de la serie existente en el Archivo Histórico Nacional / _cAurea L. Javierre Mur. |
| 260 |
_aMadrid : _bJunta Técnica de Archivos, Bibliotecas y Museos, _c[1946?] ( _fBlass) |
||
| 300 |
_a361 p., 9 lám. ; _c24 cm. |
||
| 610 | 2 | 4 |
_aOrden de Montesa- _vHistoria. _96039 |
| 710 | 2 |
_aArchivo Histórico Nacional (España) _91450 |
|
| 852 |
_aES-MaACL _jB-10735 _bR.21977 |
||
| 852 |
_aES-MaACL _jC-4219 |
||
| 999 |
_c84083 _d84083 |
||